000
00416nam a22001217a 4500
040
_c
SY
082
_a
576
100
_a
CHAN SARUN
245
_a
ការវិភាកលើមុខរបរ និងការប្រើប្រាស់ធនធានមនុស្សក្នុងវិស័យកសិកម្មនៅកម្ពុជា
260
_a
RUA
_b
CHA
_c
1997
300
_a
147p.
942
_c
KB
999
_c
9194
_d
9194